00964nji a22002537a 450000500170000000600190001700700150003600800410005102800270009203500130011904000130013210000260014524500760017126000420024730000960028950000170038550000450040250500610044760000260050865000410053494200120057599900170058795201060060420100922111615.0a|||||r|||||00| 0 sd ammalaaahaa100830t xxu||||| |||| 00| 0 eng d a6E 103bAsylum Records aGR-02932 aSEDcSED 917455aSzymczyk, Bill aHotel California-Eaglescproduced by Bill Szymczykh[sound recording] : aDum Dum, India bAsylum Recordsc1976 a1 sound disc [Gramophone Recording]:banalog, 33 1/3 rpm c12.5 in. (LP)fGramophone Record aBrief Record aRecord labels : Asylum Records, Sky Blue aSide-1 (Hotel California) Side-2 (Wasted time (Reprise)) aSzymczyk, Bill920359 aWestern SongszIndia91186xExcerpts 2ddccGR c47398d47398 00102ddc40718NFICaLbLd2010-09-22eSED/VENl0pGR-02932r2010-09-22 00:00:00t1w2010-09-22yGR